[Event "Osijek op"]
[Site "Osijek"]
[Date "2010.01.25"]
[Round "4"]
[White "Abramovic, Kresimir"]
[Black "Grguric, Damir"]
[Result "0-1"]
[WhiteElo "1615"]
[BlackElo "2017"]
[PlyCount "56"]
[EventDate "2010.01.23"]
[EventType "swiss"]
[EventRounds "9"]
[EventCountry "CRO"]
[SourceTitle "CBM 134 Extra"]
[Source "ChessBase"]
[SourceDate "2010.03.03"]
[SourceVersion "1"]
[SourceVersionDate "2010.03.03"]
[SourceQuality "1"]

1. e4 e6 2. f4 d5 3. exd5 exd5 4. d4 Nf6 5. Nf3 Bg4 6. Be2 Nbd7 7. 0-0 Bd6 8. Ne5 Bxe2 9. Qxe2 0-0 10. Nd2 c5 11. c3 Rc8 12. Nxd7 Qxd7 13. dxc5 Bxc5+ 14. Kh1 Rfe8 15. Qd1 Ng4 16. Nf3 Nf2+ 17. Rxf2 Bxf2 18. Qf1 Bb6 19. Bd2 f6 20. a4 Re4 21. a5 Bc5 22. b4 Be3 23. Qd3 Bxd2 24. Qxd2 Rce8 25. Nd4 a6 26. Kg1 Qc7 27. g3 Rc8 28. Rc1 Qc4 0-1

[Event "Osijek op"]
[Site "Osijek"]
[Date "2010.01.23"]
[Round "1"]
[White "Marjanovic, Danijel"]
[Black "Abramovic, Kresimir"]
[Result "1-0"]
[WhiteElo "2105"]
[BlackElo "1615"]
[PlyCount "119"]
[EventDate "2010.01.23"]
[EventType "swiss"]
[EventRounds "9"]
[EventCountry "CRO"]
[SourceTitle "CBM 134 Extra"]
[Source "ChessBase"]
[SourceDate "2010.03.03"]
[SourceVersion "1"]
[SourceVersionDate "2010.03.03"]
[SourceQuality "1"]

1. e4 e6 2. f4 d5 3. e5 c5 4. Nf3 Nc6 5. Be2 g6 6. 0-0 Bg7 7. d3 Nge7 8. Be3 b6 9. c3 0-0 10. Na3 a6 11. Nc2 Bb7 12. d4 c4 13. Qd2 Nf5 14. Bf2 b5 15. g4 Nh6 16. h3 Kh8 17. Be3 Ng8 18. Bf2 Nce7 19. g5 Nf5 20. Nh2 h5 21. Ne3 Nge7 22. Nf3 Nxe3 23. Bxe3 Nf5 24. Bf2 Kg8 25. Nh4 Kh7 26. Nxf5 exf5 27. Bf3 Bc8 28. Be3 Be6 29. Kh2 Rh8 30. Rg1 Bf8 31. a4 Be7 32. Qg2 Qd7 33. Bxh5 Kg7 34. Bd1 Qb7 35. Kg3 Rh7 36. h4 Rah8 37. Rh1 bxa4 38. Bxa4 Rh5 39. Rag1 Rb8 40. Bc1 Bd7 41. Bd1 Rh7 42. h5 Rbh8 43. hxg6 Rxh1 44. Rxh1 fxg6 45. Bf3 Be6 46. Rxh8 Kxh8 47. Qh1+ Kg8 48. Qh6 Bf7 49. e6 Be8 50. Qh1 Bc6 51. Qe1 Qc7 52. Qe5 Qxe5 53. dxe5 Kf8 54. Be3 Ke8 55. Bb6 Bd8 56. Bc5 Be7 57. Bd6 Kd8 58. Kf2 a5 59. Ke3 Bb7 60. Kd4 1-0

[Event "Osijek op 3rd"]
[Site "Osijek"]
[Date "2007.12.08"]
[Round "1.14"]
[White "Kovacevic, Srecko"]
[Black "Abramovic, Kresimir"]
[Result "1-0"]
[WhiteElo "2090"]
[BlackElo "1634"]
[PlyCount "89"]
[EventDate "2007.12.08"]
[EventType "swiss"]
[EventRounds "9"]
[EventCountry "CRO"]
[SourceTitle "CBM 121 Extra"]
[Source "ChessBase"]
[SourceDate "2008.01.10"]
[SourceVersion "1"]
[SourceVersionDate "2008.01.10"]
[SourceQuality "1"]

1. d4 e6 2. Nf3 d5 3. e3 a6 4. Bd3 Nf6 5. Nbd2 g6 6. e4 dxe4 7. Nxe4 Nxe4 8. Bxe4 Nd7 9. Bg5 f6 10. Be3 Nb6 11. Qe2 Be7 12. 0-0-0 f5 13. Bd3 Qd5 14. c4 Qa5 15. Kb1 Na4 16. Ka1 c5 17. d5 Bf6 18. Bc1 Qb6 19. Qc2 Qb4 20. Rhe1 Kf7 21. Ng5+ Bxg5 22. Bxg5 e5 23. Bd2 Qxb2+ 24. Qxb2 Nxb2 25. Kxb2 e4 26. Bc3 Re8 27. Bc2 Bd7 28. Ka1 b5 29. Bb3 b4 30. Bb2 a5 31. a4 bxa3 32. Bxa3 a4 33. Ba2 Rac8 34. Rb1 Rb8 35. Rxb8 Rxb8 36. Bxc5 Re8 37. Bd4 Bc8 38. c5 Ba6 39. d6+ Kf8 40. c6 Bb5 41. Rc1 Rc8 42. d7 Ra8 43. Bf6 Rd8 44. Bxd8 Ba6 45. Bf6 1-0